Starec a batoh

Bibliographic Details
Main Author: Kezilahabi, Euphrase, 1944-2020 (Author)
Format: Article
Language:Slovak
Subjects:

MARC

LEADER 00000nab a2200000 a 4500
001 vtls000036496
003 SK-MaSNL
005 20260304035724.0
008 111103c1979 xo 0 slo
015 |a SNBRB19rr/mm-uuuuu 
035 |a CL0046591 
040 |a SNKBUCL  |b slo  |c SNKBUCL  |e AACR2 
041 0 |a slo 
044 |a xo  |c SK 
080 |a 896.354-1  |2 1981 
100 1 |a Kezilahabi, Euphrase,  |d 1944-2020  |4 aut  |9 255375 
245 1 0 |a Starec a batoh  |c Euphrase Kezilahabi 
650 0 7 |a básne reflexívne  |2 snkbucl  |9 898242 
655 7 |a články z novín a časopisov  |2 snkbucl  |9 267496 
655 7 |a články z odboru literárna veda a krásna literatúra  |2 snkbucl  |9 770045 
773 0 |t Hlas ľudu  |g Roč. 25, č. 186 (9. 8. 1979), s. /5/ 
850 |a Slovenská národná knižnica v Martine  |a MTA001 
852 |a SNK  |b KIS3GCP 
958 |a RK 
958 |a LX 
992 |a RBX 
999 |c 2659521  |d 2661451